| 000 | 00451nam a2200169Ia 4500 | ||
|---|---|---|---|
| 008 | 130318s9999 xx 000 0 und d | ||
| 020 | _a471631817 | ||
| 082 | _a570.28 AKA/G | ||
| 100 | _aAkay, Metin | ||
| 245 | _aGenomics and Proteomics Engineering in Medicine and Biology | ||
| 260 |
_bIEEE Press _aCanada _c2007 |
||
| 300 | _a297 | ||
| 650 | _aBIO MEDICAL ENGINEERING | ||
| 650 | _aBIO-INFORMATICS | ||
| 650 | _aGENOMICS | ||
| 650 | _aPROTEIMICS | ||
| 999 |
_c1291 _d1291 |
||